000 00285nam a2200121Ia 4500
008 190216s9999||||xx |||||||||||||| ||und||
100 _aM T Vasudevan Nair
245 0 _aM T Yude Thiranjedutha Kathakal
260 _bCurrent Books
300 _a702
650 _aKathakal
942 _cBK
999 _c27576
_d27576